Národohospodárske plánovanie Vybrané problémy

Salvato in:
Dettagli Bibliografici
Ente Autore: Vysoká škola ekonomická v Bratislave. Národohospodárska fakulta
Natura: Libro
Lingua:slovacco
Pubblicazione: Bratislava Vysoká škola ekonomická 1986
Edizione:1. vyd.
Tags: Aggiungi Tag
Nessun Tag, puoi essere il primo ad aggiungerne!!

MARC

LEADER 00000nam a2200000 4500
001 c022480
005 20221219100637.9
041 0 |a slo 
044 |a SK 
245 1 0 |a Národohospodárske plánovanie  |b Vybrané problémy 
250 |a 1. vyd. 
264 1 |a Bratislava  |b Vysoká škola ekonomická  |c 1986 
300 |a 362 s. 
710 2 |a Vysoká škola ekonomická v Bratislave. Národohospodárska fakulta